000 00929cab a2200265 4500
001 ABS56986
008 090401t1997 xxu||||| |||| 00| 0 eng d
035 _a(Sirsi) u98414
041 _aeng
100 _aKeeping, M.
245 _aSustainable development and public participation: the benefits for property developers
260 _c1997
350 _a0
490 _aJournal of Property Development
_v1(3) April 1997, 125-137(13)
520 _aDiscusses how public participation in planning and development processes will be an important element in the achievement of sustainable development. Includes case study of public participation.
650 _aCASE STUDY
650 _aPLANNING
650 _aPROPERTY DEVELOPERS
650 _aPUBLIC PARTICIPATION
650 _aSUSTAINABLE DEVELOPMENT
690 _aENVIRONMENTAL AND LAND CONSULTANCY
700 _aComerford, J.
942 _n0
948 _c30/05/1997
999 _c59808
_d59808